[Event "ROM-ch U08 Girls"]
[Site "Calimanesti Caciulata"]
[Date "2019.04.19"]
[Round "6.6"]
[White "Ferentiu, Mara Ioana"]
[Black "Zvenyak, Johanna Rita"]
[Result "0-1"]
[WhiteElo "1025"]
[BlackElo "1001"]
[PlyCount "88"]
[EventDate "2019.04.15"]
[EventType "swiss"]
[EventRounds "9"]
[EventCountry "ROU"]
[SourceTitle "EXT 2024"]
[Source "ChessBase"]
[SourceDate "2023.10.10"]
[SourceVersion "1"]
[SourceVersionDate "2023.10.10"]
[SourceQuality "1"]

1. e4 c5 2. Nf3 e6 3. Nc3 Be7 4. Bc4 a6 5. a4 Nf6 6. d3 0-0 7. 0-0 b6 8. Re1 d6 9. Bg5 Bb7 10. Bxf6 Bxf6 11. h3 Qc7 12. Qd2 Nd7 13. Rad1 Rfe8 14. b3 Rad8 15. Ne2 h6 16. Ng3 d5 17. Re2 dxc4 18. dxc4 Ne5 19. Qe3 Rxd1+ 20. Kh2 Nxf3+ 21. Qxf3 Bh4 22. Qg4 Bxg3+ 23. Qxg3 Qxg3+ 24. Kxg3 Red8 25. f3 R8d2 26. Rxd2 Rxd2 27. h4 Rxc2 28. Kh3 Rb2 29. g3 Rxb3 30. Kg4 Kh7 31. Kf4 g5+ 32. hxg5 hxg5+ 33. Kxg5 Rxf3 34. g4 f6+ 35. Kh4 Rf4 36. e5 fxe5 37. Kg5 b5 38. axb5 axb5 39. cxb5 c4 40. b6 c3 41. Kh5 c2 42. Kg5 c1Q 43. Kh4 Qh1+ 44. Kg5 Qh6# 0-1

[Event "ROM-ch U08 Girls"]
[Site "Calimanesti Caciulata"]
[Date "2019.04.18"]
[Round "5.4"]
[White "Radu, Antonia"]
[Black "Ferentiu, Mara Ioana"]
[Result "1-0"]
[WhiteElo "1001"]
[BlackElo "1025"]
[PlyCount "93"]
[EventDate "2019.04.15"]
[EventType "swiss"]
[EventRounds "9"]
[EventCountry "ROU"]
[SourceTitle "EXT 2024"]
[Source "ChessBase"]
[SourceDate "2023.10.10"]
[SourceVersion "1"]
[SourceVersionDate "2023.10.10"]
[SourceQuality "1"]

1. e4 c5 2. Nf3 a6 3. Bc4 e6 4. Nc3 b5 5. Be2 Bb7 6. e5 d6 7. d4 dxe5 8. dxe5 Qxd1+ 9. Bxd1 f6 10. exf6 gxf6 11. 0-0 Bd6 12. Ng5 e5 13. Ne6 Bf8 14. Nc7+ Ke7 15. Nxa8 Bxa8 16. Re1 Nd7 17. f4 Ke6 18. fxe5 Nxe5 19. Bf4 Bd6 20. a4 Bc6 21. Bf3 Bxf3 22. gxf3 b4 23. Na2 a5 24. Rad1 Ne7 25. Nc1 Rf8 26. Bxe5 Bxe5 27. Kg2 Rf7 28. Nb3 h6 29. Nxa5 Rf8 30. Nc4 Rf7 31. Rd6+ Kf5 32. Nxe5 fxe5 33. Rxh6 Rg7+ 34. Kf2 Rg6 35. Rxg6 Kxg6 36. Rxe5 Nc6 37. Rxc5 Nd4 38. Ke3 Nxc2+ 39. Rxc2 b3 40. Rc5 Kf6 41. a5 Ke6 42. a6 Kd6 43. Rc3 Kd7 44. a7 Kd6 45. a8Q Ke5 46. Qc6 Kf5 47. Rc5# 1-0

[Event "ROM-ch U08 Girls"]
[Site "Calimanesti Caciulata"]
[Date "2019.04.17"]
[Round "3.5"]
[White "Gheorghiu, Theodora Maria"]
[Black "Ferentiu, Mara Ioana"]
[Result "1/2-1/2"]
[WhiteElo "1001"]
[BlackElo "1025"]
[PlyCount "84"]
[EventDate "2019.04.15"]
[EventType "swiss"]
[EventRounds "9"]
[EventCountry "ROU"]
[SourceTitle "EXT 2024"]
[Source "ChessBase"]
[SourceDate "2023.10.10"]
[SourceVersion "1"]
[SourceVersionDate "2023.10.10"]
[SourceQuality "1"]

1. e4 e5 2. Nf3 Nc6 3. Bc4 Bc5 4. c3 d6 5. d4 Bb6 6. dxe5 Bg4 7. h3 Bxf3 8. Qxf3 Qe7 9. Qg4 g6 10. Qg5 Qxg5 11. Bxg5 dxe5 12. Bb5 a6 13. Ba4 h6 14. Bh4 g5 15. Bg3 f6 16. 0-0 Nge7 17. Nd2 0-0-0 18. Nc4 Bc5 19. Rfd1 b5 20. Na5 Nxa5 21. Bc2 Bb6 22. Bd3 h5 23. Be2 h4 24. Bh2 Nec6 25. Bg4+ Kb7 26. Rd7 Rxd7 27. Bxd7 Rd8 28. Rd1 Ba7 29. Bxc6+ Nxc6 30. Rxd8 Nxd8 31. Kh1 Ne6 32. f3 Nf4 33. g3 hxg3 34. Bxg3 Kc6 35. h4 gxh4 36. Bxh4 Nh5 37. Kg2 Bc5 38. Kh3 Be7 39. Kg4 Ng7 40. f4 exf4 41. Kxf4 Kd7 42. e5 fxe5+ 1/2-1/2

[Event "ROM-ch U08 Girls"]
[Site "Calimanesti Caciulata"]
[Date "2019.04.16"]
[Round "2.4"]
[White "Ferentiu, Mara Ioana"]
[Black "David, Anisia Maria"]
[Result "0-1"]
[WhiteElo "1025"]
[BlackElo "1001"]
[PlyCount "140"]
[EventDate "2019.04.15"]
[EventType "swiss"]
[EventRounds "9"]
[EventCountry "ROU"]
[SourceTitle "EXT 2024"]
[Source "ChessBase"]
[SourceDate "2023.10.10"]
[SourceVersion "1"]
[SourceVersionDate "2023.10.10"]
[SourceQuality "1"]

1. e4 d5 2. exd5 Qxd5 3. Nc3 Qa5 4. d4 c6 5. Nf3 Nf6 6. Bf4 Bg4 7. h3 Bxf3 8. Qxf3 Nbd7 9. Bd3 e6 10. 0-0 Be7 11. Qg3 Nh5 12. Qf3 Nxf4 13. Qxf4 Qg5 14. Qxg5 Bxg5 15. a3 Nf6 16. b4 Nd5 17. Ne4 Bf6 18. Bc4 Bxd4 19. Rad1 Bb6 20. Nd6+ Ke7 21. Nxb7 Rab8 22. Bxd5 cxd5 23. Nc5 Bxc5 24. bxc5 Rhc8 25. Rfe1 Rxc5 26. Rd2 Rb2 27. Ree2 Rb1+ 28. Kh2 f5 29. f4 Ra1 30. Re3 Ra2 31. Rde2 Rc6 32. Rg3 g6 33. Rb3 a6 34. Rb7+ Kf6 35. Rxh7 Rcxc2 36. Rxc2 Rxc2 37. Ra7 Rc6 38. a4 g5 39. fxg5+ Kxg5 40. a5 f4 41. Kg1 e5 42. Rd7 Rc5 43. Rd6 Rxa5 44. Kf2 d4 45. Ke2 Ra2+ 46. Kf3 a5 47. Ke4 Re2+ 48. Kd5 a4 49. Ra6 e4 50. Rxa4 d3 51. Rd4 d2 52. Kc4 e3 53. Kc3 Rxg2 54. Kc2 f3 55. Rd5+ Kh4 56. Rd4+ Kxh3 57. Rf4 f2 58. Rf3+ Kg4 59. Rxe3 f1Q 60. Re4+ Kg3 61. Re3+ Kh2 62. Rd3 Qc1+ 63. Kb3 Rg3 64. Rxg3 Kxg3 65. Ka2 d1N 66. Kb3 Qc3+ 67. Ka4 Qb2 68. Ka5 Nc3 69. Ka6 Qb8 70. Ka5 Qb5# 0-1